000 00526nmm a2200169Ia 4500
008 251105s9999||||xx |||||||||||||||||und||
020 _a9788499679228
041 _aspa
100 _aDíaz Sánchez, Carlos
245 0 _aBreve historia de las batallas de la Antigüedad: Egipto, Grecia y Roma
264 _a[Madrid, España] :
_bEdiciones Nowtilus,
_c2018
300 _a320 páginas
490 _aBreve historia
650 _aHistory (General)
856 _uhttps://public.digitaliapublishing.com/a/171847
942 _cCF
999 _c93203
_d93203